| 000 | 00441nam a22001697a 4500 | ||
|---|---|---|---|
| 005 | 20180305144434.0 | ||
| 008 | 160525b xxu||||| |||| 00| 0 eng d | ||
| 020 | _a81-259-1084-0 | ||
| 041 | _aeng | ||
| 082 |
_b4963 _a332.6 |
||
| 100 |
_aPandian, Punithavathy _91256 |
||
| 245 | _aSecurity Analysis and Portfolio Management | ||
| 260 |
_aNew Delhi _bAcademic Faundation _c2003 |
||
| 300 | _a444 | ||
| 650 |
_aManagement _9241 |
||
| 942 | _cBK | ||
| 999 |
_c1741 _d1740 |
||